000 01106cam a22003254a 4500
999 _c50934
_d50934
003 BJBSDDR
005 20230410120735.0
007 ta
008 060421s2006 enkab b 001 0 eng
020 _a0753820560
020 _a9780753820568
035 _a14367008
035 _a(CaONFCNI)ny4744989
040 _aDLC
_cDLC
_bspa
041 _aEng
050 1 4 _aHT 985
_bT457s 2006
100 1 _aThomas, Hugh,
_d1931-2017.
245 1 4 _aThe slave trade :
_bthe history of the Atlantic slave trade, 1440-1870 /
_cHugh Thomas.
250 _aNew ed.
260 _aLondon :
_bPhoenix,
_c2006.
300 _a928 p. :
_bill., maps ;
_c24 cm.
504 _aIncludes bibliographical references (p. [813]-822) and index.
650 0 _aSlave trade
_xHistory.
650 4 _aTrata de esclavos
_xHistoria
_94198
650 4 _aEsclavos
_xComercio
_94197
856 4 2 _3Contributor biographical information
_uhttp://www.loc.gov/catdir/enhancements/fy0906/2008426395-b.html
856 4 2 _3Publisher description
_uhttp://www.loc.gov/catdir/enhancements/fy0906/2008426395-d.html
942 _2lcc
_cBK
946 _advf